Statistiques concernant Top 10 des pays hindous

Cliquez ici pour prendre le quiz!

Statistiques générales

  • Ce quiz a été pris 118 fois
    (61 depuis la dernière actualisation)
  • Le résultat moyen est 8 sur 10

Statistiques - réponses

HindousPays% Correct
1 040 milInde
98%
23,5 milNepal
96%
3,63 milPakistan
92%
13,6 milBangladesh
89%
0,893 milBirmanie
89%
10,0 milIndonesie
81%
2,67 milSri Lanka
77%
2,23 milÉtats-Unis
75%
19,5 milMalaisie
72%
0,832 milRoyaume-Uni
70%

Distribution des résultats

Percentile par nombre de réponses

% des personnes avec chaque résultat

Votre développement - résultats

Vous n’avez pas pris ce quiz depuis la dernière actualisation